Relación secreta de conquistadores : informes del archivo personal del emperador Carlos I, que se conserva en la Biblioteca de El Escorial, años de 1539-1542 /

Uloženo v:
Podrobná bibliografie
Další autoři: González-Leal, Mariano (preliminares) (preliminares)
Médium: Kniha
Jazyk:španělština
Vydáno: Guanajuato, México : Universidad de Guanajuato, Taller de Investigaciones Humanísticas, 1979
Tagy: Přidat tag
Žádné tagy, Buďte první, kdo vytvoří štítek k tomuto záznamu!

MARC

LEADER 00000nam^a2200000^a^4500
001 000568316
005 20250521000000.0
009 20260310132144.6
037 |a Acervo Xavier Clavigero 
041 |a ESP 
091 |a FPA. 02211 
245 0 0 |a Relación secreta de conquistadores :  |b informes del archivo personal del emperador Carlos I, que se conserva en la Biblioteca de El Escorial, años de 1539-1542 / 
264 1 |a Guanajuato, México :  |b Universidad de Guanajuato, Taller de Investigaciones Humanísticas,  |c 1979 
300 |a 126 p. 
336 |a texto  |b txt  |2 rdacontenido 
337 |a sin mediación  |b n  |2 rdamedio 
338 |a volumen  |b nc  |2 rdasoporte 
649 |a XX 
700 |a González-Leal, Mariano  |e (preliminares) 
910 |a Fondo José Ignacio Palencia Gómez S.J. 
920 |a Impresos - Libros 
930 |a Fondos Especiales 
905 |a 137 
901 |a 0500359667  |b IT2  |c ESL  |i D  |u 20250521 
902 |a https://opac.biblio.iteso.mx/vufind/Record/000568316